[Event "Caribbean-ch U14"]
[Site "San Salvador"]
[Date "2021.11.27"]
[Round "1"]
[White "Hernandez, Sofia"]
[Black "Prabhakar, Chandresh"]
[Result "1-0"]
[WhiteElo "1468"]
[BlackElo "1198"]
[PlyCount "55"]
[EventDate "2021.11.27"]
[EventType "swiss"]
[EventRounds "9"]
[EventCountry "ESA"]
[SourceTitle "EXT 2023"]
[Source "ChessBase"]
[SourceDate "2022.10.05"]
[SourceVersion "1"]
[SourceVersionDate "2022.10.05"]
[SourceQuality "1"]
[WhiteTeam "El Salvador"]
[BlackTeam "Trinidad and Tobago"]
[WhiteTeamCountry "ESA"]
[BlackTeamCountry "TRI"]

1. e4 e5 2. Nf3 Nc6 3. Bc4 Bc5 4. c3 Bb6 5. Qe2 Nf6 6. d3 d6 7. Bb3 h6 8. h3 Qe7 9. Nbd2 Be6 10. Bc2 d5 11. exd5 Bxd5 12. Ne4 0-0-0 13. b4 a6 14. a4 Nb8 15. a5 Ba7 16. Be3 Nc6 17. 0-0 Nxe4 18. dxe4 Bxe3 19. exd5 Bxf2+ 20. Rxf2 Rxd5 21. Be4 Rd6 22. b5 Na7 23. c4 g6 24. Bc2 axb5 25. cxb5 Re8 26. b6 Nc6 27. a6 cxb6 28. a7 1-0

[Event "World Cup U14 Prel"]
[Site "Tornelo INT"]
[Date "2021.08.11"]
[Round "5"]
[White "Prabhakar, Chandresh"]
[Black "Danzanjunai, Ganbat"]
[Result "0-1"]
[WhiteElo "1288"]
[BlackElo "1578"]
[PlyCount "98"]
[EventDate "2021.08.11"]
[EventType "swiss (rapid)"]
[EventRounds "10"]
[EventCountry "NET"]
[SourceTitle "EXT 2025"]
[Source "ChessBase"]
[SourceDate "2024.10.14"]
[SourceVersion "1"]
[SourceVersionDate "2024.10.14"]
[SourceQuality "1"]

1. d4 Nf6 2. c4 g6 3. Nc3 Bg7 4. e4 0-0 5. Bd3 d6 6. Nf3 c5 7. Be3 Ng4 8. 0-0 Nxe3 9. fxe3 Nc6 10. d5 Ne5 11. Nxe5 Bxe5 12. Qc2 a6 13. a3 Bd7 14. b4 cxb4 15. axb4 Qb6 16. Kf2 Qxb4 17. Rfc1 Qc5 18. Rab1 Rab8 19. h3 Rfc8 20. Rb3 b5 21. cxb5 axb5 22. Nxb5 Qxc2+ 23. Rxc2 Rxc2+ 24. Bxc2 Rxb5 25. Rxb5 Bxb5 26. Kf3 Kg7 27. g4 Kf6 28. h4 Bc3 29. Kf4 h6 30. g5+ hxg5+ 31. hxg5+ Kg7 32. Bd1 f6 33. Bg4 fxg5+ 34. Kxg5 Bd3 35. Kf4 Kf6 36. Kf3 Ke5 37. Be6 Bxe4+ 38. Kg4 Bf5+ 39. Bxf5 gxf5+ 40. Kf3 Kxd5 41. Kf4 Bd2 42. Kf3 e5 43. e4+ fxe4+ 44. Ke2 Bf4 45. Kd1 Kd4 46. Ke2 e3 47. Ke1 Kd3 48. Kf1 e2+ 49. Ke1 Bg3# 0-1

[Event "World Cup U14 Prel"]
[Site "Tornelo INT"]
[Date "2021.08.11"]
[Round "2"]
[White "Prabhakar, Chandresh"]
[Black "Miranda Samudio, Adrian Jafeth"]
[Result "1-0"]
[WhiteElo "1288"]
[BlackElo "1598"]
[PlyCount "85"]
[EventDate "2021.08.11"]
[EventType "swiss (rapid)"]
[EventRounds "10"]
[EventCountry "NET"]
[SourceTitle "EXT 2025"]
[Source "ChessBase"]
[SourceDate "2024.10.14"]
[SourceVersion "1"]
[SourceVersionDate "2024.10.14"]
[SourceQuality "1"]

1. e4 e6 2. d4 d5 3. exd5 exd5 4. Nf3 Nf6 5. c4 c6 6. Nc3 Be6 7. Ng5 Bb4 8. Nxe6 fxe6 9. cxd5 cxd5 10. Bd3 Nc6 11. Be3 Qe7 12. a3 Ba5 13. b4 Bc7 14. 0-0 a6 15. Bg5 Qd6 16. f4 Nxd4 17. Bxf6 gxf6 18. Qh5+ Ke7 19. f5 Bb6 20. Kh1 Rag8 21. fxe6 Rg5 22. Qf7+ Kd8 23. Qxf6+ Qe7 24. Qxh8+ Kc7 25. Rf7 Nc6 26. Rxe7+ Nxe7 27. Rc1 Be3 28. Nxd5+ Kd6 29. Qd8+ Ke5 30. Nxe7 Bxc1 31. Qd5+ Kf6 32. Qd8 Ke5 33. Qd5+ Kf6 34. Qf3+ Kxe7 35. Qxb7+ Kxe6 36. Qc6+ Kf7 37. Qxc1 h6 38. Qc7+ Kf6 39. h3 Rd5 40. Qb6+ Ke5 41. Bxa6 Rd6 42. Qc5+ Rd5 43. Qc7+ 1-0